000 01574nas a22002177a 4500
007 ta
008 230828e20240314xxk||||os||||o00| 0 eng d
041 _aeng
245 _aUnsdorfer and Ors v Octagon Overseas Ltd and Ors
260 _a[2024] UKUT 59 (LC),
_bUpper Tribunal (Lands Chamber),
_c29 February 2024
520 _aIn Unsdorfer v Octagon Overseas Ltd [2024] UKUT 59 (LC), the Upper Tribunal (Lands Chamber) found that a manager appointed under the Landlord and Tenant Act 1987 could not be an accountable person for the purposes of the Building Safety Act 2022. The UT found that the FTT was correct in its conclusion that the Manager is not an accountable person for the higher-risk buildings at Canary Riverside. He is nevertheless obliged by the management order to continue to carry out the functions conferred on him by the order, notwithstanding that those include building safety responsibilities which are also duties of the accountable person under Part 4 of the 2022 Act. He is not obliged to carry out building safety functions which are not required of him by the management order. It looks in detail at how the L&T Act 1987 and the BSA 2022 conflict in parts on this matter
650 _aBUILDING SAFETY ACT 2022
650 _aLANDLORD AND TENANT ACT 1987
650 _aFIRE SAFETY
650 _aHIGHER-RISK BUILDING
650 _aLANDLORD AND TENANT
650 _aPRINCIPAL ACCOUNTABLE PERSON
650 _aJUDGMENT
651 _aUnited Kingdom
856 _uhttps://www.bailii.org/uk/cases/UKUT/LC/2024/59.html
_zAvailable from BAILII
999 _c121864
_d121864